<?xml version="1.0" encoding="UTF-8"?>
<record
    xmlns:xsi="http://www.w3.org/2001/XMLSchema-instance"
    xsi:schemaLocation="http://www.loc.gov/MARC21/slim http://www.loc.gov/standards/marcxml/schema/MARC21slim.xsd"
    xmlns="http://www.loc.gov/MARC21/slim">

  <leader>01191nam a2200193 a 4500</leader>
  <controlfield tag="001">000046300</controlfield>
  <controlfield tag="005">20251120073733.0</controlfield>
  <controlfield tag="008">150716s1994    dr            000 0 spa d</controlfield>
  <datafield tag="040" ind1=" " ind2=" ">
    <subfield code="a">DO-SdBNP</subfield>
    <subfield code="b">spa</subfield>
    <subfield code="c">BNPHU</subfield>
  </datafield>
  <datafield tag="082" ind1=" " ind2=" ">
    <subfield code="a">xxxx</subfield>
    <subfield code="b">xxxx</subfield>
  </datafield>
  <datafield tag="100" ind1="1" ind2=" ">
    <subfield code="a">Flores Santana, Juan Antonio</subfield>
    <subfield code="9">16066</subfield>
  </datafield>
  <datafield tag="245" ind1="1" ind2="0">
    <subfield code="a">Viajes por nuestras cumbres :</subfield>
    <subfield code="b">bellezas y mensajes /</subfield>
    <subfield code="c">Juan Antonio Flores Santana.</subfield>
  </datafield>
  <datafield tag="260" ind1=" " ind2=" ">
    <subfield code="a">Santiago de los Caballeros, Rep&#xFA;blica Dominicana :</subfield>
    <subfield code="b">PUCMM,</subfield>
    <subfield code="c">1994.</subfield>
  </datafield>
  <datafield tag="300" ind1=" " ind2=" ">
    <subfield code="a">88 p. ;</subfield>
    <subfield code="c">21 cm.</subfield>
  </datafield>
  <datafield tag="490" ind1="1" ind2=" ">
    <subfield code="a">Contempor&#xE1;neos</subfield>
    <subfield code="v">172</subfield>
  </datafield>
  <datafield tag="505" ind1="0" ind2=" ">
    <subfield code="a">Dios se revela en las monta&#xF1;as --</subfield>
    <subfield code="t">La subida a Pico Duarte por San Jos&#xE9; de la Matas. Dios y la naturaleza --</subfield>
    <subfield code="t">La subida al pico Duarte por el Valle del Tetero. Jesucristo luz --</subfield>
    <subfield code="t">La subida al Pico Duarte por San Juan de la Maguana. Acompa&#xF1;ando a Santa Mar&#xED;a del Camino --</subfield>
    <subfield code="t">Mensaje de a&#xF1;o nuevo desde el Pico Duarte --</subfield>
    <subfield code="t">Jesucristo y las monta&#xF1;as --</subfield>
    <subfield code="t">La subida al Pico Duarte por Jarabacoa. Vigoriza el cuerpo y el esp&#xED;ritu --</subfield>
    <subfield code="t">La Cordillera septentrional. Atenci&#xF3;n a nuestra ecolog&#xED;a --</subfield>
    <subfield code="t">El monte de las bienaventuranzas --</subfield>
  </datafield>
  <datafield tag="710" ind1="2" ind2="2">
    <subfield code="a">Pontificia  Universidad Cat&#xF3;lica Madre y Maestra </subfield>
    <subfield code="9">843</subfield>
  </datafield>
  <datafield tag="830" ind1=" " ind2="0">
    <subfield code="a">Contempor&#xE1;neos.</subfield>
    <subfield code="n">172</subfield>
    <subfield code="9">74312</subfield>
  </datafield>
  <datafield tag="952" ind1=" " ind2=" ">
    <subfield code="0">0</subfield>
    <subfield code="1">0</subfield>
    <subfield code="7">1</subfield>
    <subfield code="8">PD</subfield>
    <subfield code="a">PD</subfield>
    <subfield code="b">PD</subfield>
    <subfield code="c">CT</subfield>
    <subfield code="d">2015-07-16</subfield>
    <subfield code="i">LF1</subfield>
    <subfield code="l">0</subfield>
    <subfield code="o">xxxx xxxx</subfield>
    <subfield code="p">46300-10</subfield>
    <subfield code="r">2020-06-25</subfield>
    <subfield code="w">2020-06-25</subfield>
    <subfield code="y">LFPD</subfield>
    <subfield code="z">Perteneci&#xF3; a la bilblioteca personal de Chiqui Vicioso Fidelio Despradel.</subfield>
    <subfield code="Z">No se presta</subfield>
  </datafield>
  <datafield tag="999" ind1=" " ind2=" ">
    <subfield code="c">45789</subfield>
    <subfield code="d">45789</subfield>
  </datafield>
</record>
